LEADER 01187nam a2200229 i 4500 001 000000254819 003 CaOOAMICUS 005 20170629000000.0 008 170629s1995 it u000 u ita u 013 $a233724 040 $aSeMil$bita 110 2 $aSanta Sede : Congregazione per l'Educazione Cattolica (dei Seminari e degli Istituti di Studi).$0(OLS)http://semarc/name/15276 245 10$aDirettive sulla formazione dei seminaristi circa i problemi relativi al matrimonio ed alla famiglia /$cCongregazione per l'Educazione Cattolica (dei Seminari e degli Istituti di Studi) 260 $aRoma :$b[s.n.],$c1995. 300 $a21 p. ;$c24 cm. 650 4$aPadri della Chiesa - Sacerdozio - Spiritualità.$0(OLS)http://semarc/subject/18582 650 4$aSacerdoti - Formazione.$0(OLS)http://semarc/subject/12198 850 $aSeMil 852 $aSeMil$W1$xVenegono$y1$m5D IX 22/6$j205165$B205165$CSeMilBibl$Z2$F218663 $81 961 $aLascito: Coronelli don Renato 996 $6245$aDirettive sulla formazione dei seminaristi circa i problemi relativi al matrimonio ed alla famiglia$9(OLS)http://semarc/title/411173 996 $6260$aRoma :$b[s.n.]$9(OLS)http://semarc/publisher/29738 LEADER 01080nam a2200217 i 4500 001 000000213550 003 CaOOAMICUS 005 20120529000000.0 008 120529s1875 fr u000 u fre u 013 $a192405 040 $aSeMil$bita 100 1 $aChaignet, Antelme-Édouard,$d<1819-1901>.$0(OLS)http://semarc/name/76065 245 10$aThéorie de la déclinaison des noms en grec et en latin, d'après les principes de la philologie comparée /$cA. Ed. Chaignet. 260 $aParis :$bErnest Thorin,$c1875. 300 $aviii, 126 p. ;$c22 cm. 650 4$aGlottologia - Declinazione nominale - Greco.$0(OLS)http://semarc/subject/33240 650 4$aGlottologia - Declinazione nominale - Latino.$0(OLS)http://semarc/subject/33241 850 $aSeMil 852 $aSeMil$W1$xVenegono$y1$m1Z V 170 FA$j163980$B163980$CSeMilBibl$Z2$F175030 $8I 996 $6245$aThéorie de la déclinaison des noms en grec et en latin, d'après les principes de la philologie comparée$9(OLS)http://semarc/title/307866 996 $6260$aParis :$bErnest Thorin$9(OLS)http://semarc/publisher/35431